Entry Nombre personal
001 - NÚMERO DE CONTROL
- campo de control: 79218
003 - IDENTIFICADOR DE NÚMERO DE CONTROL
- campo de control: SpMaBN
005 - FECHA Y HORA DE LA ÚLTIMA TRANSACCIÓN
- campo de control: 20250824091823.0
008 - ELEMENTOS DE DATO DE LONGITUD-FIJA
- campo de control de longitud fija: 980521n| azznnaabn a aaa
016 ## - NÚMERO DE CONTROL DE UNA AGENCIA BIBLIOGRÁFICA NACIONAL
- Número de control del registro: BNE19981532168
024 7# - IDENTIFICADOR DE OTROS ESTÁNDARES
- Número estándar o código: http://viaf.org/viaf/86987465/
- Fuente: viaf
024 7# - IDENTIFICADOR DE OTROS ESTÁNDARES
- Número estándar o código: https://isni.org/isni/0000000076901076
- Fuente: isni
024 7# - IDENTIFICADOR DE OTROS ESTÁNDARES
- Número estándar o código: http://www.wikidata.org/entity/Q2885307
- Fuente: wikidata
040 ## - FUENTE DE CATALOGACIÓN
- Centro catalogador/agencia de origen: SpMaBN
- Lengua de catalogación: spa
- Centro/agencia transcriptor: SpMaBN
- Normas de descripción: rdc
- Convención/Normas de encabezamiento de materia/tesauro: embne
046 ## - FECHAS CON CODIFICACIÓN ESPECIAL
- Fecha de nacimiento: 1886
- Fecha de la muerte: 1936
100 1# - ENCABEZAMIENTO-NOMBRE DE PERSONA
- Nombre de persona: Maura, Honorio,
- Fechas asociadas al nombre: 1886-1936
370 ## - LUGAR ASOCIADO
- Lugar de nacimiento: España, Madrid (Comunidad Autónoma), Madrid
370 ## - LUGAR ASOCIADO
- Lugar de fallecimiento: España, País Vasco, Guipúzcoa, Hondarribia
370 ## - LUGAR ASOCIADO
- Lugar de nacimiento: Madrid, España
- Fuente de información: (Wikidata)
- Número de control del registro de autoridad o número normalizado: XX450543
372 ## - CAMPO DE ACTIVIDAD
- Campo de actividad: Teatro
- Fuente de información: Wikidata
374 ## - OCUPACIÓN
- Ocupación: Politicos
- Ocupación: Escritores
- Ocupación: Dramaturgos
375 ## - GÉNERO/SEXO
- Género: Masculino
377 ## - IDIOMA ASOCIADO
- Término de lengua/lenguaje: Español
400 1# - TRAZADO DE VÉASE--NOMBRE DE PERSONA
- Nombre de persona: Maura y Gamazo, Honorio,
- Fechas asociadas al nombre: 1886-1936
400 1# - TRAZADO DE VÉASE--NOMBRE DE PERSONA
- Nombre de persona: Maura Gamazo, Honorio,
- Fechas asociadas al nombre: 1886-1936
670 ## - FUENTE DE DATOS ENCONTRADOS
- Cita de la fuente: La condesita y su bailarín, 1931
- Información encontrada: port. (Honorio Maura)
670 ## - FUENTE DE DATOS ENCONTRADOS
- Cita de la fuente: Corazón de mujer, 1942
- Información encontrada: port. (Honorio Maura y Gamazo)
670 ## - FUENTE DE DATOS ENCONTRADOS
- Cita de la fuente: SGAE, 2002
- Información encontrada: (Maura Gamazo, Honorio; m. 04-09-1936; compositor y autor de texto)
670 ## - FUENTE DE DATOS ENCONTRADOS
- Cita de la fuente: Volverás, 1927
- Información encontrada: etiqueta del disco (H. Maura)
670 ## - FUENTE DE DATOS ENCONTRADOS
- Cita de la fuente: Dic. de literatura española e hispanoamericana
- Información encontrada: (Maura, Honorio, n. Madrid 1886- m. Guipúzcoa 1936, se dedicó a la literatura dramática y a la comedia)
670 ## - FUENTE DE DATOS ENCONTRADOS
- Cita de la fuente: WWW ABEPI, 11-11-2015
- Información encontrada: (Maura y Gamazo, Honorio: n. en Madrid en 1886 y m. en 1936; dramaturgo, escritor, hijo del político Antonio Maura y Montaner)
670 ## - FUENTE DE DATOS ENCONTRADOS
- Cita de la fuente: WWW Wikipedia, 25-3-2022
- Información encontrada: (Honorio Maura Gamazo (Madrid, 1886-Fuenterrabía, 4 de septiembre de 1936) fue un escritor dramático y político monárquico español, diputado en Cortes durante la Segunda República)
- Identificador Uniforme de Recursos: https://es.wikipedia.org/wiki/Honorio_Maura_Gamazo
856 4# - LOCALIZACIÓN Y ACCESO ELECTRÓNICOS
- Identificador Uniforme de Recursos: http://escritores.bne.es/web/authors/honorio-maura-1886-1936/
- Texto de enlace: Escritores en la BNE
